[Event "KONIK MORSKI REWALA 2013<br>Miedzynarodo"]
[Site "<font size="]
[Date "2013.08.24"]
[Round "5.11"]
[White "Kucza, Karol"]
[Black "Lach, Aleksandra"]
[Result "0-1"]
[WhiteElo "1989"]
[BlackElo "2161"]
[PlyCount "144"]
[EventDate "2013.??.??"]

1. e4 c5 2. Nf3 d6 3. d4 cxd4 4. Nxd4 Nf6 5. Nc3 a6 6. Be3 e5 7. Nb3 Be7 8. f3
Be6 9. Qd2 O-O 10. O-O-O Nbd7 11. g4 b5 12. g5 b4 13. Ne2 Ne8 14. f4 a5 15. f5
a4 16. Nbd4 exd4 17. Nxd4 b3 18. Kb1 bxc2+ 19. Nxc2 Bb3 20. axb3 axb3 21. Na3
Ra4 22. Bc4 Ne5 23. Bxb3 Rxe4 24. Bc2 Rxe3 25. Qxe3 Bxg5 26. Qb3 Qa8 27. Nb5
Nf6 28. h4 Bh6 29. Nc7 Qa7 30. Nd5 Nfg4 31. Rhe1 Nf2 32. Qa4 Qxa4 33. Bxa4 Nxd1
34. Rxd1 Nf3 35. h5 Nd2+ 36. Kc2 Ne4 37. Bc6 Ng3 38. Ne7+ Kh8 39. Bf3 Bg5 40.
Rg1 Bh4 41. f6 Bxf6 42. Rxg3 Bxe7 43. Bd5 f5 44. b4 Rb8 45. Kb3 f4 46. Rg4 Rf8
47. Bf3 Rf5 48. Rg2 Re5 49. Ra2 Kg8 50. Kc4 Kf7 51. Bd5+ Kf6 52. Rf2 Kg5 53. b5
Bd8 54. Rg2+ Kf6 55. Rf2 Kf5 56. Ra2 Re1 57. Ra8 Bb6 58. Rb8 Rc1+ 59. Kb3 Rb1+
60. Kc4 Bc5 61. Bg8 Kg4 62. Bxh7 Rb4+ 63. Kd5 f3 64. Rg8 Kxh5 65. Kc6 f2 66.
Bd3 g5 67. Be2+ Kh4 68. Bf1 g4 69. Rh8+ Kg3 70. Rf8 Kh2 71. b6 Rxb6+ 72. Kd5
Rb4 0-1

[Event "KONIK MORSKI REWALA 2013<br>Miedzynarodo"]
[Site "<font size="]
[Date "2013.08.24"]
[Round "5.12"]
[White "Smola, Michal"]
[Black "Wisniewski, Michal"]
[Result "0-1"]
[WhiteElo "2160"]
[BlackElo "1876"]
[PlyCount "50"]
[EventDate "2013.??.??"]

1. e4 d5 2. exd5 Qxd5 3. d4 Nc6 4. Be3 Qa5+ 5. c3 Nf6 6. Bc4 Bg4 7. f3 Bd7 8.
b4 Qh5 9. Ne2 e5 10. Ng3 Qh4 11. Qe2 Nh5 12. O-O Nxg3 13. hxg3 Qxg3 14. Bf2 Qg5
15. dxe5 O-O-O 16. e6 fxe6 17. Bxe6 Bd6 18. Bxd7+ Rxd7 19. Nd2 Qh6 20. Rfd1
Qh2+ 21. Kf1 Qh1+ 22. Bg1 Bh2 23. Qf2 Bxg1 24. Qxg1 Qxg1+ 25. Kxg1 Rhd8 0-1

[Event "KONIK MORSKI REWALA 2013<br>Miedzynarodo"]
[Site "<font size="]
[Date "2013.08.24"]
[Round "5.13"]
[White "Brzezinski, Mateusz"]
[Black "Kamieniecki, Tomasz"]
[Result "1/2-1/2"]
[WhiteElo "2137"]
[BlackElo "1974"]
[PlyCount "81"]
[EventDate "2013.??.??"]

1. Nf3 Nf6 2. g3 g6 3. Bg2 Bg7 4. O-O O-O 5. d4 d6 6. c4 Nc6 7. Nc3 a6 8. e4
Bg4 9. h3 Bxf3 10. Bxf3 e5 11. d5 Nd4 12. Bg5 h6 13. Be3 Nd7 14. Bg2 c5 15.
dxc6 bxc6 16. Ne2 c5 17. Nc3 Rb8 18. Qd2 Kh7 19. b3 Qa5 20. Rac1 f5 21. exf5
gxf5 22. Kh1 Nf6 23. f4 Nh5 24. Kh2 exf4 25. Bxf4 Nxf4 26. Rxf4 Rbe8 27. Qd3
Be5 28. Rcf1 Kg7 29. R4f2 Qd8 30. Nd5 Qg5 31. Nf4 Bxf4 32. Rxf4 Re2 33. Rxd4
Re3 34. Qxe3 Qxe3 35. Rxd6 Rf6 36. Rf3 Qe2 37. Rd5 f4 38. gxf4 Rg6 39. Rg3 Rxg3
40. Kxg3 Qxa2 41. Rd3 1/2-1/2

[Event "KONIK MORSKI REWALA 2013<br>Miedzynarodo"]
[Site "<font size="]
[Date "2013.08.24"]
[Round "5.14"]
[White "Zombirt, Filip"]
[Black "Reza, Wojciech"]
[Result "0-1"]
[WhiteElo "1964"]
[BlackElo "2135"]
[PlyCount "82"]
[EventDate "2013.??.??"]

1. d4 d5 2. c4 c6 3. Nf3 Nf6 4. Nc3 dxc4 5. a4 Bf5 6. e3 e6 7. Bxc4 a5 8. O-O
Na6 9. Qe2 Be7 10. e4 Bg4 11. Rd1 Nb4 12. Bg5 h6 13. Bxf6 Bxf6 14. d5 exd5 15.
exd5+ Qe7 16. Qxe7+ Kxe7 17. dxc6 bxc6 18. Re1+ Be6 19. Re2 Rhd8 20. Bxe6 fxe6
21. Ne4 Nd3 22. Nxf6 gxf6 23. Ne1 Nc5 24. Rc1 Rd5 25. g3 Kd6 26. Rc4 Rb8 27.
Nf3 Rb4 28. Nd2 Nxa4 29. Ne4+ Ke7 30. Rxb4 axb4 31. b3 Nb6 32. Rc2 Nd7 33. Rxc6
f5 34. Rc4 fxe4 35. Rxb4 Rd1+ 36. Kg2 Re1 37. Rb5 Kf6 38. g4 Ne5 39. h3 Nf3 40.
Kg3 e5 41. Rb6+ Kg5 0-1

[Event "KONIK MORSKI REWALA 2013<br>Miedzynarodo"]
[Site "<font size="]
[Date "2013.08.24"]
[Round "5.16"]
[White "Karwowski, Kacper"]
[Black "Pietocha, Pawel"]
[Result "1-0"]
[WhiteElo "1904"]
[BlackElo "2118"]
[PlyCount "113"]
[EventDate "2013.??.??"]

1. e4 g6 2. d4 Bg7 3. Nc3 c6 4. Bc4 d6 5. Qf3 e6 6. Nge2 d5 7. Bd3 Ne7 8. Bg5
Nd7 9. O-O-O O-O 10. Qh3 f6 11. Be3 Nb6 12. Qg3 dxe4 13. Nxe4 Nf5 14. Qf3 Nxe3
15. Qxe3 Nd5 16. Qd2 f5 17. N4c3 Nf6 18. Na4 Ng4 19. Qe1 Qd5 20. h3 Nf6 21. g3
b5 22. Nec3 Qd6 23. Nc5 Ne8 24. Nb3 a5 25. a4 b4 26. Ne2 Nc7 27. f4 Ba6 28. Qf2
Bxd3 29. Rxd3 Na6 30. Rhd1 Rfd8 31. Qe3 Kf7 32. h4 Qc7 33. Ng1 Rd5 34. Nf3 h6
35. Kb1 Rad8 36. R1d2 Qb6 37. Qe1 Bf6 38. Qd1 h5 39. Qg1 Qc7 40. Qe3 Qb6 41.
Ka2 Rb8 42. Rd1 Rb7 43. Ne5+ Bxe5 44. fxe5 Kg7 45. Nd2 c5 46. Nc4 Qc6 47. b3
cxd4 48. Rxd4 Rbd7 49. Kb2 Nb8 50. Nd6 Rxd4 51. Rxd4 Kh7 52. Rc4 Qd5 53. Ne8
Rf7 54. Nf6+ Rxf6 55. exf6 Nd7 56. Qa7 Kh6 57. Rd4 1-0

[Event "KONIK MORSKI REWALA 2013<br>Miedzynarodo"]
[Site "<font size="]
[Date "2013.08.24"]
[Round "5.17"]
[White "Guzik, Jolanta"]
[Black "Nowak, Lukasz"]
[Result "0-1"]
[WhiteElo "2100"]
[BlackElo "1994"]
[PlyCount "156"]
[EventDate "2013.??.??"]

1. e4 c5 2. c4 Nc6 3. g3 g6 4. Bg2 Bg7 5. Ne2 a6 6. Nbc3 b5 7. d3 Rb8 8. O-O d6
9. h3 Bd7 10. f4 Qc8 11. Kh2 b4 12. Nd5 Nd4 13. Rb1 e6 14. Ne3 Ne7 15. b3 O-O
16. Bb2 Nec6 17. g4 f5 18. gxf5 exf5 19. exf5 Nxf5 20. Nxf5 Bxf5 21. Bxg7 Kxg7
22. Qd2 Qd7 23. Rbe1 Rbe8 24. d4 Re7 25. Qb2 Kg8 26. Bd5+ Be6 27. Bxc6 Qxc6 28.
d5 Bxd5 29. cxd5 Qxd5 30. Rd1 Qc6 31. Qd2 d5 32. Ng1 d4 33. Rde1 Rfe8 34. Rxe7
Rxe7 35. Nf3 Re3 36. Ne5 Qe4 37. Rf2 Re1 38. Rg2 Rf1 39. Nd3 Rf3 40. Rg3 Rf1
41. Qg2 Qxg2+ 42. Rxg2 c4 43. bxc4 Rd1 44. Nxb4 d3 45. Nxa6 d2 46. Nc5 Rh1+ 47.
Kxh1 d1=Q+ 48. Kh2 Qc1 49. Ne6 Qe3 50. f5 Qe5+ 51. Rg3 Qxf5 52. Ng5 Qf2+ 53.
Rg2 Qf4+ 54. Rg3 Qxc4 55. a3 h5 56. Nf3 h4 57. Rxg6+ Kh7 58. Nxh4 Qxh4 59. Rg4
Qf2+ 60. Rg2 Qf4+ 61. Rg3 Kh6 62. Kg2 Kh5 63. Rg4 Qd2+ 64. Kg1 Qc1+ 65. Kh2
Qxa3 66. Kg2 Qe3 67. Kh2 Qf3 68. Rg2 Qf4+ 69. Kg1 Qe3+ 70. Kh2 Qe5+ 71. Kg1 Kh4
72. Rf2 Kxh3 73. Rf3+ Kg4 74. Rf2 Qe1+ 75. Kg2 Qe4+ 76. Kh2 Kh4 77. Rg2 Qe1 78.
Rg1 Qe5+ 0-1

[Event "KONIK MORSKI REWALA 2013<br>Miedzynarodo"]
[Site "<font size="]
[Date "2013.08.24"]
[Round "5.18"]
[White "Spicak, Krzysztof"]
[Black "Khamidov, Komil"]
[Result "0-1"]
[WhiteElo "1962"]
[BlackElo "2068"]
[PlyCount "82"]
[EventDate "2013.??.??"]

1. Nf3 Nf6 2. g3 g6 3. Bg2 Bg7 4. d4 d5 5. c4 c6 6. Nc3 O-O 7. cxd5 cxd5 8. O-O
b6 9. Ne5 Bb7 10. b3 Nbd7 11. Bb2 a6 12. e3 e6 13. Ba3 Re8 14. f4 Ne4 15. Rc1
f6 16. Nxe4 dxe4 17. Nc6 Bxc6 18. Rxc6 f5 19. d5 Nf8 20. Bxf8 Bxf8 21. dxe6 Bc5
22. Kf2 Qf6 23. Re1 Rad8 24. Qc2 Kf8 25. Bf1 Rxe6 26. Rxe6 Qxe6 27. Bxa6 Qf6
28. a4 h5 29. h4 Kg7 30. Re2 Kh6 31. Qb2 Qd6 32. Bb5 Kh7 33. Qc2 Qf6 34. Qc4
Qa1 35. Qf7+ Kh6 36. Be8 Bxe3+ 37. Rxe3 Rd2+ 38. Re2 e3+ 39. Kxe3 Qd4+ 40. Kf3
Qd3+ 41. Re3 Qf1# 0-1

[Event "KONIK MORSKI REWALA 2013<br>Miedzynarodo"]
[Site "<font size="]
[Date "2013.08.24"]
[Round "5.19"]
[White "Marczuk, Dominik"]
[Black "Gawiec, Konrad"]
[Result "1/2-1/2"]
[WhiteElo "2049"]
[BlackElo "1947"]
[PlyCount "97"]
[EventDate "2013.??.??"]

1. e4 c5 2. Nf3 Nc6 3. Nc3 g6 4. d4 cxd4 5. Nxd4 Bg7 6. Be3 Nf6 7. Bc4 O-O 8.
Bb3 a5 9. f3 d6 10. Qd2 Nxd4 11. Bxd4 Bd7 12. a4 Qc7 13. Bxf6 exf6 14. O-O-O
Bc6 15. Qxd6 Qxd6 16. Rxd6 Rad8 17. Rxd8 Rxd8 18. Rd1 Bh6+ 19. Kb1 Rxd1+ 20.
Nxd1 Bf4 21. h3 Kg7 22. Bd5 Bxa4 23. Bxb7 Bb5 24. Nc3 Bf1 25. Nd5 Bd2 26. c3
Bxg2 27. Kc2 Be1 28. Kd1 Bg3 29. Ke2 Bxh3 30. c4 Bd6 31. Bc6 g5 32. Ne3 Kg6 33.
Nf5 Bc5 34. Bd7 Bxf5 35. Bxf5+ Kg7 36. Bg4 Kf8 37. b3 Ke7 38. Kf1 Kd6 39. Bh5
f5 40. exf5 f6 41. Be8 Ke5 42. Bd7 Kf4 43. Kg2 h5 44. Bc8 h4 45. Bd7 h3+ 46.
Kxh3 Kxf3 47. Bc6+ Kf4 48. Bd7 Kf3 49. Bc6+ 1/2-1/2

[Event "KONIK MORSKI REWALA 2013<br>Miedzynarodo"]
[Site "<font size="]
[Date "2013.08.24"]
[Round "5.20"]
[White "Harazinska, Ewa"]
[Black "Smal, Tobiasz"]
[Result "1-0"]
[WhiteElo "2041"]
[BlackElo "1928"]
[PlyCount "65"]
[EventDate "2013.??.??"]

1. d4 Nf6 2. c4 g6 3. Nc3 Bg7 4. e4 d6 5. Nf3 O-O 6. Be2 e5 7. O-O Nc6 8. d5
Ne7 9. b4 Nh5 10. Re1 f5 11. Ng5 Nf4 12. Bxf4 exf4 13. Rc1 h6 14. Ne6 Bxe6 15.
dxe6 Bxc3 16. Rxc3 fxe4 17. Bf1 Nc6 18. Rxe4 Qf6 19. Rb3 Rae8 20. c5 Qf5 21.
Re1 Ne5 22. cxd6 Qxe6 23. dxc7 Qc6 24. Rb1 Qxc7 25. Qd5+ Kg7 26. Rbc1 Qe7 27.
Bb5 Nf3+ 28. gxf3 Qxe1+ 29. Rxe1 Rxe1+ 30. Kg2 Re7 31. Qd4+ Kh7 32. Bd3 a6 33.
Qd6 1-0

[Event "KONIK MORSKI REWALA 2013<br>Miedzynarodo"]
[Site "<font size="]
[Date "2013.08.24"]
[Round "5.21"]
[White "Wozniak, Mariola"]
[Black "Marczuk, Anna"]
[Result "1-0"]
[WhiteElo "2028"]
[BlackElo "1780"]
[PlyCount "63"]
[EventDate "2013.??.??"]

1. e4 c6 2. d4 d5 3. Nc3 dxe4 4. Nxe4 Nf6 5. Nxf6+ gxf6 6. Nf3 Bg4 7. Be2 e6 8.
Be3 Nd7 9. Nd2 Bxe2 10. Qxe2 Qc7 11. O-O-O O-O-O 12. Qh5 Nb6 13. g3 Nd5 14. Ne4
Nxe3 15. fxe3 Bg7 16. c4 h6 17. c5 Rd7 18. Rhf1 f5 19. Nd6+ Kb8 20. g4 fxg4 21.
Nxf7 Rf8 22. Ne5 Rdd8 23. Nxg4 Qa5 24. Rxf8 Rxf8 25. Ne5 Kc7 26. Rg1 Bf6 27.
Qxh6 Be7 28. Qxe6 Bxc5 29. dxc5 Qxc5+ 30. Kb1 Rf2 31. Rg7+ Kb6 32. Nd7+ 1-0

[Event "KONIK MORSKI REWALA 2013<br>Miedzynarodo"]
[Site "<font size="]
[Date "2013.08.24"]
[Round "5.22"]
[White "Kasperek, Joanna"]
[Black "Wacior, Maciej"]
[Result "0-1"]
[WhiteElo "2013"]
[BlackElo "1797"]
[PlyCount "118"]
[EventDate "2013.??.??"]

1. e4 c6 2. d4 d5 3. exd5 cxd5 4. c4 Nf6 5. Nc3 g6 6. Nf3 Bg7 7. cxd5 O-O 8.
Bc4 Nbd7 9. d6 exd6 10. O-O Nb6 11. Bb3 Bf5 12. Bg5 h6 13. Bh4 g5 14. Bg3 Nh5
15. a4 Nxg3 16. fxg3 Bg6 17. Qd2 Nd7 18. Kh1 Qb6 19. Ba2 Nf6 20. Rae1 Rae8 21.
Rxe8 Rxe8 22. Re1 Rxe1+ 23. Nxe1 Ne4 24. Nxe4 Bxe4 25. Qf2 d5 26. Nf3 g4 27.
Nd2 Bxd4 28. Qf1 Qxb2 29. Nxe4 Qxa2 30. Nd6 Qa1 31. Qxa1 Bxa1 32. Nxb7 Kg7 33.
Kg1 Bd4+ 34. Kf1 Kg6 35. Ke2 Kg5 36. Nd8 Kf6 37. Nc6 Bc5 38. Kd3 Kf5 39. Na5
Bg1 40. Ke2 Ke4 41. Nb3 Be3 42. h3 h5 43. hxg4 hxg4 44. a5 f6 45. a6 f5 46. Na5
d4 47. Nc4 d3+ 48. Ke1 f4 49. Nd6+ Ke5 50. Nf7+ Kd4 51. Nd6 f3 52. gxf3 gxf3
53. Nf5+ Ke4 54. Nd6+ Kd5 55. Nf5 d2+ 56. Kd1 Ke4 57. g4 f2 58. Ng3+ Kf3 59.
Nf1 Bg5 0-1

[Event "KONIK MORSKI REWALA 2013<br>Miedzynarodo"]
[Site "<font size="]
[Date "2013.08.24"]
[Round "5.23"]
[White "Knap, Jerzy"]
[Black "Siedlinski, Piotr"]
[Result "1/2-1/2"]
[WhiteElo "1732"]
[BlackElo "2092"]
[PlyCount "86"]
[EventDate "2013.??.??"]

1. d4 d5 2. c4 e6 3. Nc3 c6 4. cxd5 exd5 5. Nf3 Nf6 6. Bg5 Nbd7 7. e3 Be7 8.
Bd3 O-O 9. O-O Re8 10. Qc2 Nf8 11. Ne5 Ne4 12. Bxe7 Qxe7 13. Nxe4 dxe4 14. Bc4
Be6 15. Bxe6 Qxe6 16. Nc4 Ng6 17. Qe2 f5 18. Nd2 Kh8 19. Rfc1 Rad8 20. Rc5 Rd5
21. Rxd5 Qxd5 22. Qc4 Qd7 23. Rc1 Ne5 24. Qc2 Nd3 25. Rd1 Qd5 26. a3 Qb5 27. b3
c5 28. dxc5 Nxc5 29. Nc4 Rf8 30. b4 Nd3 31. Nb2 Rd8 32. Qc7 Qd5 33. Qc3 h6 34.
Kf1 Rd6 35. Nxd3 exd3 36. h3 Kh7 37. f3 b5 38. Qc5 Qxc5 39. bxc5 Rc6 40. Rxd3
Rxc5 41. Kf2 a5 42. e4 fxe4 43. fxe4 Kg6 1/2-1/2

[Event "KONIK MORSKI REWALA 2013<br>Miedzynarodo"]
[Site "<font size="]
[Date "2013.08.24"]
[Round "5.24"]
[White "Blaszkiewicz, Mateusz"]
[Black "Czyz, Artur"]
[Result "0-1"]
[WhiteElo "1833"]
[BlackElo "2042"]
[PlyCount "60"]
[EventDate "2013.??.??"]

1. e4 e5 2. Nf3 Nf6 3. Nc3 d6 4. d4 exd4 5. Nxd4 Be7 6. g3 O-O 7. Bg2 Na6 8.
O-O Re8 9. Re1 c6 10. Bf4 Nc5 11. Nf5 Bxf5 12. exf5 d5 13. g4 Bd6 14. Rxe8+
Nxe8 15. Qf3 Qb6 16. Rb1 Qb4 17. Bxd6 Nxd6 18. f6 Re8 19. fxg7 Nde4 20. Nxe4
Rxe4 21. c3 Qa4 22. b4 Ne6 23. Qg3 Nf4 24. Qh4 Re8 25. Bf3 Qc2 26. Rf1 Qxc3 27.
Bd1 Qxb4 28. Qf6 Qe4 29. f3 Qe3+ 30. Kh1 Qf2 0-1

[Event "KONIK MORSKI REWALA 2013<br>Miedzynarodo"]
[Site "<font size="]
[Date "2013.08.24"]
[Round "5.25"]
[White "Gabryjalowicz, Jakub"]
[Black "Mucha, Magdalena"]
[Result "1/2-1/2"]
[WhiteElo "1781"]
[BlackElo "1955"]
[PlyCount "37"]
[EventDate "2013.??.??"]

1. e4 d5 2. exd5 Qxd5 3. Nc3 Qd6 4. d4 Nf6 5. h3 a6 6. Nf3 Nbd7 7. Bc4 b5 8.
Bd3 Bb7 9. Qe2 e6 10. O-O h6 11. a4 b4 12. Ne4 Qb6 13. c4 bxc3 14. bxc3 c5 15.
Ba3 Rc8 16. Rab1 Qa7 17. Nxf6+ Nxf6 18. Rxb7 Qxb7 19. Bxa6 1/2-1/2

[Event "KONIK MORSKI REWALA 2013<br>Miedzynarodo"]
[Site "<font size="]
[Date "2013.08.24"]
[Round "5.26"]
[White "Puczylowski, Marcin"]
[Black "Smolka, Marcin"]
[Result "1-0"]
[WhiteElo "2033"]
[BlackElo "2040"]
[PlyCount "33"]
[EventDate "2013.??.??"]

1. d4 d5 2. c4 e6 3. Nc3 c6 4. e4 dxe4 5. Nxe4 Bb4+ 6. Bd2 Qxd4 7. Bxb4 Qxe4+
8. Be2 Na6 9. Bd6 Qxg2 10. Qd2 Qxh1 11. O-O-O Qe4 12. Be7 Qf4 13. Qxf4 Nxe7 14.
Qd6 f6 15. Qd8+ Kf7 16. Qxh8 e5 17. Bh5+ 1-0

[Event "KONIK MORSKI REWALA 2013<br>Miedzynarodo"]
[Site "<font size="]
[Date "2013.08.26"]
[Round "6.1"]
[White "Rudolf, Michal"]
[Black "Malaniuk, Vladimir P"]
[Result "1/2-1/2"]
[WhiteElo "2367"]
[BlackElo "2528"]
[PlyCount "32"]
[EventDate "2013.??.??"]

1. Nf3 d6 2. e4 Nf6 3. Nc3 e5 4. d4 Nbd7 5. Bc4 Be7 6. O-O O-O 7. Re1 c6 8. a4
a5 9. h3 Nb6 10. Bf1 exd4 11. Nxd4 d5 12. e5 Ne8 13. Nce2 g6 14. Bh6 Ng7 15.
Nf4 Bg5 16. Bxg5 Qxg5 1/2-1/2

[Event "KONIK MORSKI REWALA 2013<br>Miedzynarodo"]
[Site "<font size="]
[Date "2013.08.26"]
[Round "6.2"]
[White "Kaczmarek, Aleksander"]
[Black "Ziaziulkina, Nastassia"]
[Result "1/2-1/2"]
[WhiteElo "2147"]
[BlackElo "2340"]
[PlyCount "43"]
[EventDate "2013.??.??"]

1. e4 c5 2. Nf3 d6 3. d4 cxd4 4. Nxd4 Nf6 5. Nc3 a6 6. h3 Nc6 7. g4 Qb6 8. Nde2
e6 9. Bg2 Be7 10. O-O O-O 11. Ng3 Rd8 12. g5 Nd7 13. Kh1 Qc7 14. f4 b5 15. f5
Nce5 16. Nh5 b4 17. Ne2 Bf8 18. Nef4 Nc5 19. Qe1 a5 20. Be3 Re8 21. Qh4 Bb7 22.
Bxc5 1/2-1/2

[Event "KONIK MORSKI REWALA 2013<br>Miedzynarodo"]
[Site "<font size="]
[Date "2013.08.26"]
[Round "6.3"]
[White "Sieciechowicz, Marcin"]
[Black "Musialkiewicz, Jan"]
[Result "0-1"]
[WhiteElo "2458"]
[BlackElo "2266"]
[PlyCount "72"]
[EventDate "2013.??.??"]

1. d4 d5 2. c4 c6 3. Nf3 e6 4. Nc3 dxc4 5. a4 Bb4 6. e3 b5 7. Bd2 a5 8. Rb1 Bd7
9. Ne5 Nf6 10. Qf3 Ra7 11. Be2 O-O 12. O-O Be7 13. Rfd1 Qc8 14. e4 b4 15. Na2
c5 16. Bxc4 cxd4 17. b3 Bc6 18. Nxc6 Nxc6 19. Bf4 e5 20. Bg3 Nd7 21. Rbc1 Rc7
22. Rc2 Nc5 23. Nc1 Bd6 24. Nd3 Nxd3 25. Qxd3 Nb8 26. Qf3 Qd8 27. Qh5 Qf6 28.
Rd3 Nd7 29. h3 Nb6 30. Rxd4 exd4 31. e5 Rc5 32. exf6 Rxh5 33. Bxd6 Rc8 34. Re2
Nxc4 35. bxc4 d3 36. Re3 Rd5 0-1

[Event "KONIK MORSKI REWALA 2013<br>Miedzynarodo"]
[Site "<font size="]
[Date "2013.08.26"]
[Round "6.4"]
[White "Strzemiecki, Zbigniew"]
[Black "Kiolbasa, Oliwia"]
[Result "1-0"]
[WhiteElo "2437"]
[BlackElo "1955"]
[PlyCount "73"]
[EventDate "2013.??.??"]

1. e4 e5 2. Nf3 Nc6 3. Bb5 a6 4. Bxc6 dxc6 5. O-O f6 6. d4 Bg4 7. c3 Qe7 8. h3
Bh5 9. dxe5 fxe5 10. Be3 Nf6 11. Nbd2 O-O-O 12. Qc2 Rg8 13. Nh2 g5 14. f3 Bf7
15. Nb3 Qe8 16. Rad1 Bd6 17. c4 c5 18. Nxc5 Qc6 19. Nb3 Qxc4 20. Qf2 Qb5 21.
Rc1 Bxb3 22. axb3 Rde8 23. Qc2 Kb8 24. Bc5 Bxc5+ 25. Qxc5 Qxc5+ 26. Rxc5 Rd8
27. Rxe5 Rd2 28. Rf2 Rd3 29. Ng4 Nxg4 30. hxg4 Rg6 31. Re8+ Ka7 32. Re2 Rxb3
33. e5 Rbb6 34. e6 Rc6 35. g3 Kb6 36. Kf2 Rh6 37. f4 1-0

[Event "KONIK MORSKI REWALA 2013<br>Miedzynarodo"]
[Site "<font size="]
[Date "2013.08.26"]
[Round "6.5"]
[White "Tokarski, Lukasz"]
[Black "Marusenko, Petr"]
[Result "1-0"]
[WhiteElo "2270"]
[BlackElo "2192"]
[PlyCount "75"]
[EventDate "2013.??.??"]

1. e4 c6 2. d4 d5 3. Nd2 dxe4 4. Nxe4 Nf6 5. Nxf6+ gxf6 6. c3 Qd5 7. Nf3 Bg4 8.
Be2 Nd7 9. h3 Bh5 10. Be3 e6 11. Qd2 Nb6 12. b3 Rg8 13. c4 Qd7 14. g4 Bg6 15.
g5 fxg5 16. Ne5 Qc7 17. Bxg5 Nd7 18. Nxg6 hxg6 19. O-O-O f6 20. Bf4 Bd6 21.
Bxd6 Qxd6 22. c5 Qe7 23. Qa5 b6 24. cxb6 Nxb6 25. h4 O-O-O 26. Kb1 Kb8 27. Bf3
Nd5 28. Rc1 Qc7 29. Qa4 Rd6 30. Rc5 Rh8 31. Rhc1 Rxh4 32. Bxd5 exd5 33. Rxc6
Rxc6 34. Rxc6 Qd8 35. Qb5+ Ka8 36. Qc5 Kb7 37. Rd6 Qc7 38. Qb5+ 1-0

[Event "KONIK MORSKI REWALA 2013<br>Miedzynarodo"]
[Site "<font size="]
[Date "2013.08.26"]
[Round "6.6"]
[White "Stachowiak, Kamil"]
[Black "Musialkiewicz, Pawel"]
[Result "1-0"]
[WhiteElo "2470"]
[BlackElo "2191"]
[PlyCount "83"]
[EventDate "2013.??.??"]

1. d4 d5 2. Nf3 c6 3. c4 e6 4. g3 dxc4 5. Bg2 Nf6 6. O-O Nbd7 7. a4 Bb4 8. Qc2
O-O 9. Qxc4 a5 10. Nc3 Qe7 11. e4 e5 12. Qe2 Re8 13. Re1 exd4 14. Nxd4 Ne5 15.
Bf4 Qc5 16. Rad1 Bg4 17. f3 Bd7 18. Qc2 Nc4 19. Bc1 Rad8 20. Kh1 Bc8 21. Nb3
Qh5 22. Rxd8 Rxd8 23. Rd1 Re8 24. Ne2 Nb6 25. Nf4 Qe5 26. Nd3 Qe7 27. Nxb4 Qxb4
28. Nc5 Nbd7 29. Nd3 Qe7 30. Bd2 b6 31. Qxc6 Ba6 32. Nf4 Rc8 33. Nd5 Nxd5 34.
Qxd5 Bc4 35. Qd4 Bb3 36. Ra1 Nc5 37. Bc3 f6 38. Bf1 Rd8 39. Qe3 Nxa4 40. Bxf6
Qxf6 41. Qxb3+ Qf7 42. Bc4 1-0

[Event "KONIK MORSKI REWALA 2013<br>Miedzynarodo"]
[Site "<font size="]
[Date "2013.08.26"]
[Round "6.7"]
[White "Reza, Wojciech"]
[Black "Voloshin, Leonid"]
[Result "1/2-1/2"]
[WhiteElo "2135"]
[BlackElo "2420"]
[PlyCount "58"]
[EventDate "2013.??.??"]

1. e4 c5 2. Nf3 d6 3. c3 g6 4. d4 cxd4 5. Qxd4 Nf6 6. e5 Nc6 7. Qh4 Nh5 8. Bc4
Qc7 9. Qe4 Bg7 10. g4 f5 11. gxf5 Nxe5 12. Be2 Nxf3+ 13. Qxf3 O-O 14. Qd5+ Kh8
15. fxg6 Nf4 16. Qc4 Qxc4 17. Bxc4 hxg6 18. Rg1 b5 19. Bf1 Bb7 20. a4 b4 21.
cxb4 Rac8 22. Be3 Nd5 23. Bd2 Bxb2 24. Ra2 Bc1 25. Rxg6 Bxd2+ 26. Rxd2 Rc1+ 27.
Rd1 Rxd1+ 28. Kxd1 Rxf2 29. Nd2 Rxh2 1/2-1/2

[Event "KONIK MORSKI REWALA 2013<br>Miedzynarodo"]
[Site "<font size="]
[Date "2013.08.26"]
[Round "6.8"]
[White "Licznerski, Lukasz"]
[Black "Karwowski, Kacper"]
[Result "1-0"]
[WhiteElo "2332"]
[BlackElo "1904"]
[PlyCount "69"]
[EventDate "2013.??.??"]

1. c4 Nf6 2. Nc3 e6 3. Nf3 d5 4. cxd5 exd5 5. d4 Be7 6. Bg5 O-O 7. e3 c6 8. Bd3
Nbd7 9. Qc2 Re8 10. O-O Nf8 11. Rab1 a5 12. a3 Ne4 13. Bxe4 Bxg5 14. Bf5 Bxf5
15. Qxf5 Ne6 16. b4 axb4 17. axb4 g6 18. Qc2 Qd6 19. b5 Be7 20. Na4 cxb5 21.
Rxb5 Qc6 22. Qb3 Bd6 23. Rb6 Bxh2+ 24. Nxh2 Qxa4 25. Qxd5 Red8 26. Qf3 Rd7 27.
Ng4 Rc7 28. Qf6 Ng7 29. Nh6+ Kf8 30. Qd6+ Re7 31. Rxb7 Qe8 32. Rfb1 Rd8 33. Qa3
Ra8 34. Qb4 Rd8 35. Ng8 1-0

[Event "KONIK MORSKI REWALA 2013<br>Miedzynarodo"]
[Site "<font size="]
[Date "2013.08.26"]
[Round "6.10"]
[White "Wisniewski, Michal"]
[Black "Polok, Kacper"]
[Result "1-0"]
[WhiteElo "1876"]
[BlackElo "2213"]
[PlyCount "84"]
[EventDate "2013.??.??"]

1. e4 c5 2. Nf3 Nc6 3. Bb5 d6 4. Bxc6+ bxc6 5. O-O e5 6. d3 Bg4 7. Be3 Nf6 8.
Nbd2 Be7 9. c3 O-O 10. h3 Bh5 11. Qc2 Qc7 12. d4 Nxe4 13. Nxe4 Bg6 14. Bc1 d5
15. Nxe5 Bxe4 16. Qa4 Rac8 17. f3 Bf5 18. Re1 Bh4 19. Re2 Bg3 20. Be3 h5 21.
Rd1 c4 22. f4 f6 23. Nf3 Rfe8 24. Qa3 Bd3 25. Ree1 Bxe1 26. Rxe1 Re6 27. b3
Rce8 28. Kf2 Qe7 29. Qc1 Be4 30. Nh4 g6 31. bxc4 dxc4 32. Qb2 Bd3 33. Qd2 g5
34. fxg5 fxg5 35. Nf3 g4 36. hxg4 hxg4 37. Ne5 Qh4+ 38. Kg1 g3 39. Nf3 Qh5 40.
Qc1 R8e7 41. Qd2 Rh7 42. Bh6 Rhxh6 1-0

[Event "KONIK MORSKI REWALA 2013<br>Miedzynarodo"]
[Site "<font size="]
[Date "2013.08.26"]
[Round "6.11"]
[White "Khamidov, Komil"]
[Black "Weichhold, Pawel"]
[Result "1-0"]
[WhiteElo "2068"]
[BlackElo "2420"]
[PlyCount "91"]
[EventDate "2013.??.??"]

1. e4 c5 2. Nf3 Nc6 3. d4 cxd4 4. Nxd4 e5 5. Nb5 d6 6. N1c3 a6 7. Na3 b5 8. Nd5
Nge7 9. c4 Nd4 10. Be3 Nxd5 11. exd5 Nf5 12. Bd2 Be7 13. cxb5 e4 14. Nc2 O-O
15. bxa6 Bf6 16. Rb1 Be5 17. g3 Qf6 18. b4 Bxa6 19. b5 Bb7 20. Bc4 Rfc8 21. Bb3
Rc5 22. O-O Qg6 23. Kh1 h5 24. Be3 Rc3 25. Qd2 Ne7 26. Nb4 Bc8 27. Rfc1 Bg4 28.
Qe1 h4 29. Nc6 Qf6 30. Nxe7+ Kf8 31. Bd1 Bf3+ 32. Kg1 hxg3 33. hxg3 Rxc1 34.
Rxc1 Qxe7 35. b6 Qb7 36. Bxf3 exf3 37. Qd1 Bf6 38. Rc7 Qa6 39. b7 Rb8 40. Qb1
Bd8 41. Rd7 Ke8 42. Rxd6 Qxd6 43. Bf4 Rxb7 44. Qxb7 Qa3 45. Qc6+ Ke7 46. Be3
1-0

[Event "KONIK MORSKI REWALA 2013<br>Miedzynarodo"]
[Site "<font size="]
[Date "2013.08.26"]
[Round "6.12"]
[White "Nowak, Lukasz"]
[Black "Jacek, Krystian"]
[Result "1-0"]
[WhiteElo "1994"]
[BlackElo "2166"]
[PlyCount "105"]
[EventDate "2013.??.??"]

1. e4 c5 2. Nf3 e6 3. d4 cxd4 4. Nxd4 Nc6 5. Nc3 Qc7 6. Be2 a6 7. O-O Nf6 8.
Be3 Be7 9. f4 d6 10. a4 O-O 11. Kh1 Re8 12. Bf3 Rb8 13. Qd2 Na5 14. b3 Nd7 15.
Rad1 b6 16. Nde2 Rd8 17. g4 Bb7 18. g5 Rbc8 19. Qe1 Nc6 20. Bg2 Nb4 21. Rd2 Re8
22. Qf2 Bf8 23. Bd4 Nc6 24. Be3 Nb4 25. Bd4 Be7 26. f5 exf5 27. Qxf5 Rf8 28.
Nd5 Nxd5 29. exd5 Ne5 30. c4 Ng6 31. Ng3 b5 32. Nh5 Ne5 33. Nf6+ gxf6 34. gxf6
Ng6 35. Rd3 Rfe8 36. fxe7 Qxe7 37. Rh3 Rc7 38. Bf6 Bc8 39. Qh5 Bxh3 40. Bxe7
Bxg2+ 41. Kxg2 Rexe7 42. Qg4 Re3 43. h4 Kf8 44. h5 Ne5 45. Qg5 Re2+ 46. Kh1 Re7
47. Qh6+ Ke8 48. Qxd6 Nd7 49. cxb5 R7e4 50. Qg3 Ne5 51. bxa6 R4e3 52. Qxe3 Rxe3
53. a7 1-0

[Event "KONIK MORSKI REWALA 2013<br>Miedzynarodo"]
[Site "<font size="]
[Date "2013.08.26"]
[Round "6.13"]
[White "Wozniak, Mariola"]
[Black "Brzezinski, Mateusz"]
[Result "0-1"]
[WhiteElo "2028"]
[BlackElo "2137"]
[PlyCount "68"]
[EventDate "2013.??.??"]

1. e4 e6 2. d4 d5 3. Nc3 Bb4 4. e5 c5 5. a3 Bxc3+ 6. bxc3 Ne7 7. h4 Nbc6 8. Nf3
Qa5 9. Bd2 Qa4 10. Qb1 c4 11. h5 h6 12. Nh4 Bd7 13. g3 O-O-O 14. Bh3 Rdg8 15.
Ng2 g5 16. Ne3 Rf8 17. Ng4 Ng8 18. f4 f6 19. fxg5 hxg5 20. exf6 Nxf6 21. Nxf6
Rxf6 22. Bg4 Qa5 23. Qb2 Qc7 24. O-O-O Rf2 25. Bxg5 Qxg3 26. Bh4 Qf4+ 27. Kb1
Rg2 28. Bh3 Rh2 29. Bg5 Rxh1 30. Bxf4 Rxd1+ 31. Ka2 Rh1 32. Bxe6 Bxe6 33. h6
Rf8 34. Bd6 Rff1 0-1